000 00798nas a2200265 4500
001 BR0000296
003 BR-BrBNA
005 20231205101631.0
007 ta
008 230509b bl.|||p| |||| 00| 00por d
040 _aBR-BrBNA
_bpor
_cBiblioteca Nacional de Agricultura
041 _a(Pt)
072 _aF02
100 1 _aAlloufa, M.A.I.
100 1 _aCampos, M. de A.
245 1 _aCalogenese de acerola (Malpighia glabra L)a partir de explantes foliares cultivados in vitro
650 _aAcerola
650 _aMicropropagacao
650 _aColo
650 _aExplante
650 _aNordeste
773 0 _tRevista Brasileira de Fruticultura (Brazil)
_xISSN 0100-2945
_g(Dec 1999), v. 21(3) p. 284-287
_wBR0000296
909 _a202311
_bLúcia
_c55
_dLúcia Elande
942 _2AGRIS
_n0
_cANA
999 _c162936
_d162936